Make today count / (Record no. 35498)

MARC details
000 -LEADER
fixed length control field 00892cam a2200241 i 4500
001 - CONTROL NUMBER
control field 4107300
005 - DATE AND TIME OF LATEST TRANSACTION
control field 19910116130940.2
008 - FIXED-LENGTH DATA ELEMENTS--GENERAL INFORMATION
fixed length control field 750607s1975 nyu 000 0aeng
010 ## - LIBRARY OF CONGRESS CONTROL NUMBER
LC control number 75017813
020 ## - INTERNATIONAL STANDARD BOOK NUMBER
International Standard Book Number 0440052564 :
Terms of availability $7.95
040 ## - CATALOGING SOURCE
Original cataloging agency DLC
Transcribing agency DLC
Modifying agency DLC
050 00 - LIBRARY OF CONGRESS CALL NUMBER
Classification number RC263
Item number .K43 1975
100 1# - MAIN ENTRY--PERSONAL NAME
Personal name Kelly, Orville E.,
Dates associated with a name 1930-
600 10 - SUBJECT ADDED ENTRY--PERSONAL NAME
Personal name Kelly, Orville E.,
245 10 - TITLE STATEMENT
Title Make today count /
Statement of responsibility, etc Orville E. Kelly with Randall Becker ; foreword by Elisabeth Kübler-Ross.
260 ## - PUBLICATION, DISTRIBUTION, ETC. (IMPRINT)
Place of publication, distribution, etc New York :
Name of publisher, distributor, etc Delacorte Press,
Date of publication, distribution, etc [1975]
300 ## - PHYSICAL DESCRIPTION
Extent xi, 203 p. ;
Dimensions 22 cm.
600 10 - SUBJECT ADDED ENTRY--PERSONAL NAME
Dates associated with a name 1930-
650 #0 - SUBJECT ADDED ENTRY--TOPICAL TERM
Topical term or geographic name as entry element Cancer
General subdivision Patients
-- Biography.
700 1# - ADDED ENTRY--PERSONAL NAME
Personal name Becker, Randall,
Relator term joint author.
906 ## - LOCAL DATA ELEMENT F, LDF (RLIN)
a 7
b cbc
c orignew
d 1
e ocip
f 19
g y-gencatlg
942 ## - ADDED ENTRY ELEMENTS (KOHA)
Source of classification or shelving scheme Library of Congress Classification
Item type Book
Holdings
Withdrawn status Lost status Source of classification or shelving scheme Damaged status Not for loan Collection code Home library Current library Shelving location Date acquired Total Checkouts Full call number Barcode Copy number Price effective from Koha item type
    Library of Congress Classification     Non-fiction Bishop Okullu Memorial Library (Limuru Campus) Bishop Okullu Memorial Library (Limuru Campus) General Circulation 14/09/2009   RC263 .K43 1975 010962 1 14/09/2009 Book